Statistics for Current NBA Players with the highest Hall of Fame Probabilities

Click here to take the quiz!

General Stats

  • This quiz has been taken 34 times
  • The average score is 46 of 100

Answer Stats

RankProbabilityAnswer% Correct
1100%LeBron James
100%
2100%Kevin Durant
97%
4100%Stephen Curry
94%
599.9%James Harden
91%
1196.2%Nikola Jokic
91%
998.7%Giannis Antetokounmpo
88%
2419.1%Jayson Tatum
88%
850.03%Bruce Brown
79%
450.4%Danny Green
79%
1576.8%Draymond Green
79%
460.3%Jaylen Brown
79%
770.03%Jeff Green
79%
1391.6%Kawhi Leonard
79%
1870.2%Klay Thompson
79%
699.9%Russell Westbrook
79%
610.07%Tristan Thompson
79%
3100%Chris Paul
76%
799.6%Anthony Davis
74%
1966.2%Joel Embiid
71%
1293.5%Kyrie Irving
71%
1097.8%Paul George
71%
898.7%Damian Lillard
68%
2322.6%Karl-Anthony Towns
68%
1773%Jimmy Butler
65%
341.7%Khris Middleton
65%
780.03%Kristaps Porzingis
62%
1485.7%Kyle Lowry
62%
2225.1%Rudy Gobert
62%
2046.4%DeMar DeRozan
59%
570.1%Andrew Wiggins
56%
400.8%Bam Adebayo
56%
500.2%Dejounte Murray
56%
306.6%Domantas Sabonis
56%
2512.9%Donovan Mitchell
56%
740.04%Jamal Murray
56%
410.8%Jrue Holiday
56%
361%Julius Randle
56%
332.3%Bradley Beal
53%
510.2%DeAaron Fox
53%
322.9%Devin Booker
53%
440.4%Jalen Brunson
53%
470.3%Brook Lopez
50%
710.04%Ish Smith
50%
1673.5%Kevin Love
50%
840.03%Robin Lopez
50%
880.03%Thaddeus Young
50%
289.7%Trae Young
50%
650.05%Derrick White
47%
430.5%Fred VanVleet
47%
600.09%Reggie Jackson
47%
490.3%Zach LaVine
47%
2612.2%Al Horford
44%
670.05%D'Angelo Russell
44%
2710.5%Derrick Rose
44%
550.1%Jarrett Allen
44%
390.8%Pascal Siakam
44%
990.02%Buddy Hield
41%
560.1%Otto Porter
41%
950.02%Brandon Ingram
38%
630.06%CJ McCollum
38%
297.1%Isaiah Thomas
38%
590.09%Mikal Bridges
38%
980.02%Tobias Harris
38%
313.7%DeAndre Jordan
35%
2132.4%John Wall
35%
930.02%Marcus Smart
35%
380.8%Mike Conley
35%
750.04%Steven Adams
35%
760.03%Aaron Gordon
32%
351.7%Andre Drummond
32%
530.1%Clint Capela
32%
370.9%Nikola Vucevic
32%
830.03%Jonas Valanciunas
29%
620.07%Kentavious Caldwell-Pope
29%
730.04%Myles Turner
29%
480.3%Gordon Hayward
26%
700.04%Harrison Barnes
26%
680.04%Lauri Markkanen
26%
660.05%PJ Tucker
26%
520.2%Kevon Looney
24%
970.02%Spencer Dinwiddie
24%
960.02%Jerami Grant
21%
790.03%Terry Rozier
21%
420.6%Victor Oladipo
21%
1000.02%Dwight Powell
18%
810.03%Norman Powell
18%
540.1%JaVale McGee
15%
920.03%Malcolm Brogdon
15%
870.03%Markieff Morris
12%
890.03%Jae Crowder
9%
640.05%Patty Mills
6%
910.03%TJ McConnell
6%
690.04%Wesley Matthews
6%
580.09%George Hill
3%
720.04%Montrezl Harrell
3%
860.03%Nicolas Batum
3%
940.02%Bryn Forbes
0%
800.03%Cory Joseph
0%
900.03%Derrick Favors
0%
820.03%Tyus Jones
0%

Score Distribution

Percentile by Number Answered

Percent of People with Each Score

Your Score History

You have not taken this quiz